Dinámica de crecimiento aéreo y radicular en Vicia villosa y Vicia sativa /
Guardado en:
| Autor Principal: | |
|---|---|
| Autor Corporativo: | |
| Otros Autores: | |
| Formato: | Libro |
| Idioma: | Spanish |
| Publicado: |
Bahía Blanca,
2013.
|
| Etiquetas: |
Agregar Etiqueta
Sin Etiquetas, Sea el primero en etiquetar este registro!
|
| LEADER | 00719nam a22001695a 4500 | ||
|---|---|---|---|
| 001 | EEA.libagro009196 | ||
| 005 | 20170925124504.0 | ||
| 008 | 130809s2013####ag#a##########000#0#spa#d | ||
| 082 | 0 | 4 | |a 633.208 |
| 100 | 1 | |a Molinari, Marcos Adrián. | |
| 245 | 1 | 0 | |a Dinámica de crecimiento aéreo y radicular en Vicia villosa y Vicia sativa / |c Marcos Adrián Molinari. |
| 260 | |a Bahía Blanca, |c 2013. | ||
| 300 | |a 33 h. : |b il. ; |c 30 cm. | ||
| 500 | |a Trabajo de intensificación (Ingeniero Agrónomo) -- Universidad Nacional del Sur. Departamento de Agronomía, 2013. | ||
| 700 | 1 | |a Renzi, Juan Pablo, |e tutor. | |
| 710 | 2 | |a Universidad Nacional del Sur. |b Departamento de Agronomía. | |
| 859 | |a AR-BbBCA |b BIB. AGRONOMIA |h 633.208 |i M722 |p 2013/6260 | ||
